Ejercicios de Historia y Geografía - Estadísticas

Estadísticas generales
  • Esta prueba ha sido intentada 145 veces
  • La puntuación promedio es 13 de 15
Estadísticas de respuestas
Pregunta Respuesta % Correcto
¿Cuál de estos paises se encuentra el Rio Nilo?
95%
Personaje historico alemán que representa a unos de los responsables del inicio de la Segunda Guerra Mundial en Europa, siendo el conflicto belico que mas vidas se ha llevado.
93%
¿Qué explorador de origen genovés fue financiado por los Reyes Católicos en explorar y descubirir nuevas rutas maritimas mas cercanas a las Indias, pero ocasiono el descubrimiento de un nuevo continente para los europeos en que lo llamarian el " Nuevo Mundo" que es el actual América? Cristóbal Colón
93%
¿Cual es el pais mas grande del mundo?
90%
¿Cúal asido el estado que logro tomar la ciudad de Constantinopla marcando el fin del Imperio Romano de Oriente obligando a las potencias europeas buscar nuevas rutas maritimas, que tambien logro conquistar tierras en los tres continentes de Asia, África y Europa en los Balcanes, Rumania,Grecia y una parte de Rusia y Ucrania. Y que por algun momento este estado a sido el terror y la amenaza por sus expansiones territoriales y culturales a las potencias europeas cristianas? Imperio Otomano
90%
¿Qué conquistador de origen macedonio extendio la máxima expansion del Reino de Macedonia tomando tierras y reinos como Egipto, Persia, Babilonia, Anatolia y ser de los primeros occidentales en explorar la India? Alejandro Magno
88%
¿Como se le llama al conflicto político, economico, social, ideológico y militar entre Estados Unidos representando el capitalismo y la Unión Sovietica representante del comunismo? Guerra Fría
88%
¿Qué filósofo de origen judioalemán es considerado el padre del comunismo que es un conjunto de ideas materialistas y sistemas economicas y sociales y se podrian en practica con la fundacion de la Unión Sovietica siendo el primer estado comunista? Karl Marx
88%
¿Quien fue el fundador del Islam, que desde su fundacion se ha extendido en todos los paises de origen árabe, en todo Asia Central, una gran parte de África y Asia como Indonesia, Malasia, Maldivas y Brunei y es considerado la segunda religión mas seguida del mundo y se espera que en un futuro se convierta el numero uno? Mahoma
85%
¿Como se le llama al periodo historico de conflicto social y politico en que la población toma las armas y se revelan en contra de la monarquia absolutista, trayendo como consecuencias el derrumbe de la monarquia y el establecimiento de un gobierno republicano y democratico y la difusión de nuevas ideas inspiradas por los lideres intelectuales de la Ilustración como Rousseau, Voltaire y Denis Diderot?. Revolución Francesa
85%
¿Como se llama a la importante movimiento cultural e intelecutal que llevo a cabo a la modernización, el progreso y la difusión de nuevas ideas y conocimientos científicos? La Ilustración
83%
¿Como se le llama al periodo del auge cultural, artístico y cientifico que tuvo lugar entre los siglos XIV y XVI, en este periodo surge de nuevo las artes y arquitecturas romanas y griegas, el humanismo plasmada en diferentes maneras como la de Platón y Aristóteles, se remplaza el sistema teocentrista por el antropocentrista, se propone el modelo heliocentrista y nuevas formas de pensar que trae como consecuencias el progreso del conocimiento humano y de la ciencia? Renacimiento
83%
¿Cuál Imperio fue el mas extenso del mundo?
75%
¿Cuál es el periodo histórico de la civilización occidental comprendido entre el Siglo V y XV, donde inicia con la caída del Imperio Romano de Occidente, la expansion del cristianismo, se sustituye el modo de producción esclavista por la producción feudal, la formación de nuevos reinos europeos y se produjo conflictos religiosos como las cruzadas y termina con la caida de Constantinopla, la inovación de la imprenta y el descubrimiento de América ? Edad Media
73%
¿Cuál es el país mas grande del continente africano, tiene el puesto numero 1 desde 2011 cuando Sudán del Sur declara su independencia de Sudán?
45%
No se encontraron pruebas coincidentes
Distribución de puntuación
Porcentaje de gente con cada puntuación
Porcentaje por número respondido
Historial de tus puntuaciones
No has intentado esta prueba.